| 000 | 00684nam a2200205Ia 4500 | ||
|---|---|---|---|
| 003 | IN-BaIIA | ||
| 008 | 211028s9999 xx 000 0 eng d | ||
| 020 | _a0-8243-0919-7 | ||
| 040 | _cIIA Library | ||
| 080 |
_a047.1:52 _bARA-19 |
||
| 245 | 0 |
_aAnnual review of astronomy and astrophysics _bvol. 19 _cedited by G. Burbidge, D. Layzer and J. G. Phillip |
|
| 260 |
_aPalo Alto _bAnnual Reviews _c1981 |
||
| 300 | _a479p. | ||
| 650 |
_aAnnual Reviews-Astronomy and Astrophysics _98535 |
||
| 650 | _aAstronomy and Astrophysics Thesaurus | ||
| 700 |
_aBurbidge, Geoffrey R., ed. _911937 |
||
| 700 |
_aLayzer, David., ed. _94091 |
||
| 700 |
_aPhillips, John G., ed. _95230 |
||
| 942 | _cBK | ||
| 999 |
_c6967 _d6967 |
||